000 00836nam a2200253Ia 4500
003 OSt
005 20220923213845.0
006 a|||||r|||| 00| 0
007 ta
008 220922b |||||||| |||| 00| 0 hin d
024 _a165,225
037 _cTextual
040 _aARTS
_cARTS
_bhin
041 _2hin
_ahin
082 _aO152,1NBHx, L3
100 _aभदोरिया, शिव बहादुर सिंह
_9160037
245 0 _aपुरवा जो डोल गई
246 _aPuravā jo ḍol gaī
260 _aकानपुर
_b गंन्थम
_c1973
300 _a109पृ.
_ccm.
650 _aहिन्दी साहित्य
_9156264
942 _hO152,1NBHx, L3
_cTEXL
_2CC
999 _c319704
_d319704